000 00765nam a2200241Ia 4500
003 OSt
005 20220923221743.0
006 a|||||r|||| 00| 0
007 ta
008 220922b |||||||| |||| 00| 0 hin d
024 _a199,803
037 _cTextual
040 _aARTS
_cARTS
_bhin
041 _2hin
_ahin
082 _aQ2213v, 152M3-;1
100 _aझारी, कृष्ण देव
245 0 _aहितहरिवंश गोस्वामी
246 _aHitaharivansha goswāmī
260 _aदिल्ली
_b इतिहास शोध संस्थान
_c1985
300 _a92पृ.
_ccm.
942 _hQ2213v, 152M3-;1
_cTEXL
_2CC
999 _c351542
_d351542